Datum a čas kvízu
24.5
Celkem bodů
Celkový počet nahraných bodů na tomto kvízu bez doplňovacích otázek.
5.
Pořadí na kvízu
Konečné umístění týmu na tomto kvízu.
Zaznamenané odpovědi
| # | Otázka | Odpověď | Body | Výsledky |
|---|---|---|---|---|
| 1. | Ministerstvo zdravotnictví chy... | Reklamy by neměly zobrazovat živé bytosti. | 1 | |
| 2. | O tom, že Pláničkova metoda zv... | Pomocí virtuální reality. | 0 | |
| 3. | V úterý oslavila 80. narozenin... | Tina Turner | 1 | |
| 4. | Jak jste si jistě všimli, spol... | Zlatuška | 0 | |
| 5. | Zápas mezi Slavii a Interem si... | Miloš Zeman | 1 | |
| 6. | V tomto tématu se podíváme na... | kališní lístek | 0 | |
| 7. | Tato britská indierocková kape... | Florence and the Machine | 0 | |
| 8. | Nestorka českého ženského teni... | Peschke | 1 | |
| 9. | Z následujících rostlin vybert... | D | 0 | |
| 10. | Zřejmě nejslavnější českou fil... | dědeček vycinkal | 0 |